| 000 | 01218nam a2200289 i 4500 | ||
|---|---|---|---|
| 001 | 88901 | ||
| 003 | ES-MaACL | ||
| 005 | 20230906175951.0 | ||
| 007 | t| | ||
| 008 | 041229s1991 be a |||| | fre d | ||
| 020 | _a2-87193-130-5 | ||
| 080 | _a903/904:069(472.51 L.)(083.824) | ||
| 080 | _a739.1.032.76 | ||
| 080 | _a903/904-034.21(395):7.032.76 | ||
| 245 | 0 | 2 |
_aL'or des Scythes _b: trésors de l'Ermitage, Leningrad : [exposition présentée] du 16 février au 14 avril 1991, Musées royaux d'Art et d'Histoire, Bruxelles / _c[(organisée par les) Musées royaux d'Art et d'Histoire, Bruxelles avec la collaboration du Crédit Communal]. |
| 260 |
_aBruxelles : _bMusées royaux d'Art et d'Histoire, _c1991. |
||
| 300 |
_a263 p. : _bil. col. ; _c30 cm. |
||
| 504 | _aBibliografía: p. 261-262. | ||
| 610 | 2 | 4 |
_aGosudarstvennyj Èrmita- _vExposiciones. _93509 |
| 650 | 1 | 4 |
_aEscitas- _xRestos arqueológicos- _vExposiciones. _912357 |
| 650 | 0 | 4 |
_aOrfebrería escita- _vExposiciones. _915756 |
| 655 | 7 |
_2tgfbne _9193628 _aCatálogos de exposiciones |
|
| 710 | 2 |
_aMusées royaux d'art et d'histoire (Bruselas) _9139873 |
|
| 852 |
_aES-MaACL _jE-10741 |
||
| 942 | _2udc | ||
| 999 |
_c88901 _d88901 |
||